Library Banner

تاریخ محمودیت کے چند اہم مگر پوشیدہ اوراق (Record no. 71920)

MARC details
000 -LEADER
fixed length control field 00471nam a22001457a 4500
005 - DATE AND TIME OF LATEST TRANSACTION
control field 20150515103445.0
008 - FIXED-LENGTH DATA ELEMENTS--GENERAL INFORMATION
fixed length control field 150515b xxu||||| |||| 00| 0 eng d
040 ## - CATALOGING SOURCE
Transcribing agency PK-LaUMT
082 ## - DEWEY DECIMAL CLASSIFICATION NUMBER
Classification number KHC 297.86
Item number MAZ-T
100 ## - MAIN ENTRY--PERSONAL NAME
Personal name مظہرالدین، محمد
245 ## - TITLE STATEMENT
Title تاریخ محمودیت کے چند اہم مگر پوشیدہ اوراق
Statement of responsibility, etc محمد مظہرالدین
260 ## - PUBLICATION, DISTRIBUTION, ETC. (IMPRINT)
Place of publication, distribution, etc ملتان
Name of publisher, distributor, etc دفتر امصاراحمدیہ
Date of publication, distribution, etc 1960
300 ## - PHYSICAL DESCRIPTION
Extent 205 ص
942 ## - ADDED ENTRY ELEMENTS (KOHA)
Koha item type Books
Holdings
Withdrawn status Lost status Damaged status Home library Current library Date acquired Full call number Barcode Date last seen Price effective from Koha item type
      UMT Main Campus UMT Main Campus 2015-05-15 KHC 297.86 MAZ-T 72639 2015-05-15 2015-05-15 Books